AH International Schools' Libraries

Keep an Eye on Ivy (Record no. 49039)

MARC details
000 -LEADER
fixed length control field 00346nam a22001217a 4500
008 - FIXED-LENGTH DATA ELEMENTS--GENERAL INFORMATION
fixed length control field 250723b |||||||| |||| 00| 0 eng d
020 ## - INTERNATIONAL STANDARD BOOK NUMBER
International Standard Book Number 9780500652534
100 ## - MAIN ENTRY--PERSONAL NAME
Personal name Barroux (Author)
9 (RLIN) 86409
245 ## - TITLE STATEMENT
Title Keep an Eye on Ivy
260 ## - PUBLICATION, DISTRIBUTION, ETC. (IMPRINT)
Place of publication, distribution, etc United Kingdom
Name of publisher, distributor, etc Thames & Hudson
Date of publication, distribution, etc 2020
300 ## - PHYSICAL DESCRIPTION
Extent 32 pages
Other physical details col. ill.
Dimensions 9.4 x 0.4 x 11 inches
942 ## - ADDED ENTRY ELEMENTS (KOHA)
Source of classification or shelving scheme

No items available.

For any Logos Library related questions please contact Miss Art at swongnarasuk@asianhope.org.

For any Asian Hope Library related questions please contact Miss Raza at graza@asianhope.org.

Powered by Koha